Song of the Year Award - Statistics

General Stats
  • This quiz has been taken 11 times
    7 since last reset
  • The average score is 32 of 75
Answer Stats
Hint Answer % Correct
20 Blinding Lights The Weeknd
100%
83 Thriller Michael Jackson
100%
80 Africa Toto
86%
82 Billie Jean Michael Jackon
86%
75 Bohemian Rhapsody Queen
86%
06 Hip's Don't Lie Shakira, Lil John
86%
86 Never Gonna Give You Up Rick Astley
86%
24 Not Like Us Kendrick Lamar
86%
88 Smooth Criminal Michael Jackson
86%
15 Uptown Funk Mark Ronson, Bruno Mars
86%
08 Viva La Vida Coldplay
86%
22 As It Was Harry Styles
71%
85 Everybody Wants To Rule The World Tears for Fears
71%
18 God's Plan Drake
71%
72 Hotel California The Eagles
71%
56 Hound Dog Elvis Presley
71%
14 Shake It Off Taylor Swift
71%
16 Starboy The Weeknd
71%
84 Take On Me A-Ha
71%
01 Yellow Coldplay
71%
73 American Pie Don Mclean
57%
11 Firework Katy Perry
57%
50 Fly Me to the Moon Frank Sinatra
57%
68 Hey Jude The Beatles
57%
17 Humble Kendrick Lamar
57%
69 Let It Be The Beatles
57%
54 My Way Frank Sinatra
57%
71 Rocket Man Elton John
57%
74 Sweet Home Alabama Lynrd Skynyrd
57%
00 The Real Slim Shady Eminem
57%
95 Wonderwall OASIS
57%
90 Back In Black AC/DC
43%
10 Just The Way You Are Bruno Mars
43%
03 Lose Yourself Eminem
43%
64 Sound Of Silence Simon and Garfunkel
43%
99 Still D.R.E Dr. Dre, Snoop Dog
43%
19 Sunflower Post Malone
43%
77 Take Me Home, Country Roads John Denver
43%
05 The Scientist Coldplay
43%
70 Bridge Over Troubled Water Simon and Garfunkel
29%
60 Can't Help Falling in Love Elvis Presley
29%
97 Hit Em' Up Tupac
29%
81 I'm Still Standing Elton John
29%
53 Jailhouse Rock Elvis Presley
29%
52 New York, New York Frank Sinatra
29%
07 N****s In Paris Jay-Z, Kanye West
29%
21 Save Your Tears The Weeknd
29%
61 Stand By Me Ben King
29%
87 The Way You Make Me Feel Michael Jackson
29%
92 Thunderstruck AC/DC
29%
76 Tiny Dancer Elton John
29%
09 Whenever, Wherever Shakira
29%
02 Without Me Eminem
29%
04 Yeah! Usher, Ludacrous, Lil John
29%
91 Black or White Michael Jackson
14%
79 Blame it On the Boogie The Jacksons
14%
67 Daydream Believer The Monkees
14%
66 (I Can't Get No) Satisfaction The Rolling Stones
14%
63 I Want to Hold Your Hand The Beatles
14%
59 Johnny B Goode Chuck Berry
14%
89 Land Down Under Men At Work
14%
13 Locked Out of Heaven Bruno Mars
14%
93 Paradise City Guns 'n' Roses
14%
62 Please Please Me The Beatles
14%
23 Popular The Weeknd
14%
12 Somebody That You Used to Know Gotye, Kimbara
14%
58 Wonderful World Louis Armstrong
14%
65 Yesterday The Beatles
14%
96 Don't Dream Its Over Crowded House
0%
78 Don't Stop me Know Queen
0%
98 Hit Me One More Time Brittany Spears
0%
51 Lollipop The Chordettes
0%
57 Roll Over Behtoven Chuck Berry
0%
55 These Boots Nancy Sinatra
0%
94 TNT Dynamite AC/DC
0%
No matching quizzes found
Score Distribution
Percent of People with Each Score
Percentile by Number Answered
Your Score History
You have not taken this quiz since the last reset